000 00388 a2200109 4500
001 ART_23456
005 20260410161918.0
008 260409a
245 1 0 _aLa segmentación de la auditoría en la Argentina
100 1 _aCanetti, Marcelo
773 0 _tDocumentos de trabajo de contabilidad, auditoría y responsabilidad social
_g- Año 3, Nº 6 (dic. 2013)
_wREV14385
999 _c27460
_d27460